| 000 -LEADER |
| fixed length control field |
00634cas a2200217 a 4500 |
| 022 1# - INTERNATIONAL STANDARD SERIAL NUMBER |
| ISSN |
1934-4503 |
| 040 ## - CATALOGING SOURCE |
| Transcribing agency |
JTB |
| 082 10 - DEWEY DECIMAL CLASSIFICATION NUMBER |
| Classification number |
929 NOL 2014 A114 Or. |
| 245 00 - TITLE STATEMENT |
| Title |
How to change your name in California. |
| 260 ## - PUBLICATION, DISTRIBUTION, ETC. (IMPRINT) |
| Place of publication |
Berkeley, CA : |
| Name of publisher |
Nolo |
| 300 ## - PHYSICAL DESCRIPTION |
| Number of Pages |
volumes : |
| Other physical details |
forms ; |
| Dimensions |
28 cm |
| 500 ## - GENERAL NOTE |
| General note |
Vols. for 2006- by: Lisa Sedano and Emily Doskow. |
| 500 ## - GENERAL NOTE |
| General note |
12th ed.- accompanied by CD-ROM. |
| 500 ## - GENERAL NOTE |
| General note |
Earlier issues, 1998-2004, cataloged as monographs in LC. |
| 650 #0 - SUBJECT ADDED ENTRY--TOPICAL TERM |
| Topical Term |
Names, Personal |
| 650 #7 - SUBJECT ADDED ENTRY--TOPICAL TERM |
| Topical Term |
Names, Personal |
| 700 1# - ADDED ENTRY--PERSONAL NAME |
| Personal name |
Sedano, Lisa, |
| 700 1# - ADDED ENTRY--PERSONAL NAME |
| Personal name |
Doskow, Emily. |
| 710 2# - ADDED ENTRY--CORPORATE NAME |
| Corporate name or jurisdiction name as entry element |
Nolo (Firm) |
| 942 ## - ADDED ENTRY ELEMENTS (KOHA) |
| Koha item type |
សៀវភៅភាសាអង់គ្លេស |
| 952 ## - LOCATION AND ITEM INFORMATION (KOHA) |
| Withdrawn status [LOCAL, KOHA] |
0 |
| 952 ## - LOCATION AND ITEM INFORMATION (KOHA) |
| Withdrawn status [LOCAL, KOHA] |
0 |